| 000 | 01284nam a2200265 a 4500 | ||
|---|---|---|---|
| 001 | BRCA_237 | ||
| 005 | 20190320202930.0 | ||
| 008 | 880711r19871824mx-a---###---#001-0bspa-d | ||
| 040 |
_aDLC _cDLC _dDLC |
||
| 041 | _aspaeng | ||
| 050 | 4 |
_aF1226 _b.B53 1987 |
|
| 100 | 1 |
_aRobinson, William Davis _9826 |
|
| 245 | 1 | 0 |
_aMemorias de la Revolución de México, y de la expedición del general D. Francisco Javier Mina _cWilliam Davis Robinson ; presentación Francisco de Antuñano Maurer. |
| 260 |
_aMéxico _bBiblioteca Mexicana de la Fundación Miguel Alemán _c1987 |
||
| 300 |
_a17, liv, 335 p. _bil. [1] p. de láminas _c22 cm. |
||
| 500 | _aFacsímil de: Memorias de la Revolución de Megico y de la espedición del General D. Francisco Javier Mina, Londres, Rudolph Ackerman, 1824 | ||
| 500 | _aTraducción de: Memories of the Mexican Revolution including a Narrative of the Expedition of General Xavier Mina, Londres, 1821 | ||
| 500 | _aIncluye índice alfabético ´de las cosas notables´ | ||
| 600 | 1 | 4 |
_aMina, Francisco Javier _d1789-1817 _9827 |
| 650 | 1 | 4 |
_aGenerales _xBiografía _zMéxico _9828 |
| 650 | 1 | 4 |
_aCanales marítimos _9829 |
| 651 | 4 |
_aMéxico _xHistoria _yGuerra de Independencia, 1810-1821 _9830 |
|
| 700 | 1 |
_aAntuñano Maurer, Francisco de _9831 |
|
| 942 |
_2lcc _cB |
||
| 999 |
_c194 _d194 |
||